000 00449 a2200133 4500
000 nam a22 7a 4500
100 _aगोयल, जितेन्द्र
110 _aगोयल, जितेन्द्र
245 _aतेरा मेरा सबका सच
250 _aLatest edition
260 _bमोनिका प्रकाशन
_c2021
264 _bमोनिका प्रकाशन
_c2021
942 _cBK
999 _c396542
_d396542